|
|
|
|
| LEADER |
00622nab a2200181Ia 4500 |
| 008 |
170811c99999999xx |||||||||||| ||und|| |
| 100 |
|
|
|a Singh, R B
|
| 245 |
|
|
|a Synchronizing effects of young plantation of
|
| 300 |
|
|
|a 29-32
|
| 653 |
|
|
|a Agri-Silviculture agroforestry system
|
| 653 |
|
|
|a Dalbergia Sissoo, Maize sustainability
|
| 653 |
|
|
|a Spacing
|
| 700 |
|
|
|a Charan Singh
|
| 700 |
|
|
|a Jayshree Ardey
|
| 773 |
|
|
|t Indian Forester
|g Vol. 139 No. 1 (January) 2013
|
| 942 |
|
|
|c ART
|
| 999 |
|
|
|c 180296
|d 180296
|
| 952 |
|
|
|0 0
|1 0
|4 0
|7 0
|9 246144
|a LIB
|b LIB
|d 2017-08-13
|h Vol. 139 No. 1 (January) 2013
|r 2017-08-13
|w 2017-08-13
|y ART
|